| 000 | 00624cam a2200217 a 4500 | ||
|---|---|---|---|
| 001 | 000010635 | ||
| 005 | 20200929162249.0 | ||
| 008 | 721227s1957 sp 000 f spa | ||
| 040 |
_aDO-SdBNP _bspa _cLC _dBNPHU |
||
| 082 |
_a863.6 _bC352h |
||
| 100 | 1 |
_aCastillo Puche, José Luis, _d1919-2004 _925734 |
|
| 245 | 1 | 0 |
_aHicieron partes / _cJ.L. Castillo-Puche. |
| 260 |
_aMadrid : _bEscelicer, _c1957. |
||
| 300 |
_a336 p. ; _c19 cm. |
||
| 490 | 1 | _aEl Diablo | |
| 650 | 4 |
_aNovela española _91123 |
|
| 650 | 4 |
_aLiteratura española _9632 |
|
| 830 | 0 |
_aEl Diablo _925735 |
|
| 910 | _aCatalogación derivada | ||
| 049 | _aBNGR | ||
| 999 |
_c10393 _d10393 |
||